|
|
|
|
| LEADER |
01225nam a22003134a 4500 |
| 001 |
33403 |
| 003 |
BD-DhAAL |
| 005 |
20250624112745.0 |
| 008 |
180715t2003 nyua b 001 0 eng |
| 010 |
|
|
|a 2002015346
|
| 020 |
|
|
|a 0471388270 (acidfree paper)
|
| 040 |
|
|
|a DLC
|c DLC
|d DLC
|d BD-DhAAL
|
| 042 |
|
|
|a pcc
|
| 050 |
0 |
0 |
|a NA2543.T43
|b B33 2003
|
| 082 |
0 |
0 |
|a 729
|2 21
|
| 100 |
1 |
|
|a Bachman, Leonard R.
|9 27356
|
| 245 |
1 |
0 |
|a Integrated buildings :
|b the systems basis of architecture /
|c Leonard R. Bachman.
|
| 260 |
|
|
|a Hoboken, N.J. :
|b John Wiley & Sons,
|c c2003.
|
| 300 |
|
|
|a x, 480 pages :
|b illustrations ;
|c 29 cm.
|
| 504 |
|
|
|a Includes bibliographical references (pages 455-473) and index.
|
| 526 |
|
|
|a ARC
|
| 541 |
|
|
|a Department of Architecture
|e 33403
|
| 650 |
|
0 |
|a Architecture and technology.
|9 27357
|
| 650 |
|
0 |
|a Architectural design
|v Case studies.
|9 27358
|
| 650 |
|
0 |
|a Building.
|9 27359
|
| 852 |
|
|
|a Department of Architecture
|c General Stacks
|
| 942 |
|
|
|2 ddc
|c BK
|
| 999 |
|
|
|c 39785
|d 39785
|
| 952 |
|
|
|0 0
|1 0
|2 ddc
|4 0
|6 729_000000000000000_BAC
|7 0
|9 63815
|a BRACUL
|b BRACUL
|c GEN
|d 2018-07-15
|e Department of Architecture
|l 0
|o 729 BAC
|p 3010033403
|r 2018-07-15
|w 2018-07-15
|y BK
|x Transferred from ARC to BRACUL on 28/12/2023
|